000
00313 a2200133 4500
005
20250702081003.0
020
_a
978-1-529-11270-2
082
_a
658 KEL
100
_a
KELMAN, J .
245
_a
How Late it Was, How Late,
260
_a
British,
_b
Clays Limited,
_c
1994.
300
_a
405p,
_c
20cm.
942
_2
ddc
_c
BKS
999
_c
6560
_d
6560